[Event "Mumbai Mayors Cup 1st"]
[Site "Mumbai"]
[Date "2008.05.12"]
[Round "2"]
[White "Kulkarni, Rakesh"]
[Black "Gambhire, Mangesh"]
[Result "1-0"]
[WhiteElo "2181"]
[BlackElo "1871"]
[PlyCount "73"]
[EventDate "2008.05.11"]
[EventType "swiss"]
[EventRounds "11"]
[EventCountry "IND"]
[SourceTitle "CBM 124 Extra"]
[Source "ChessBase"]
[SourceDate "2008.07.03"]
[SourceVersion "1"]
[SourceVersionDate "2008.07.03"]
[SourceQuality "1"]

1. d4 d5 2. c4 c6 3. Nf3 Nf6 4. Nc3 e6 5. e3 Nbd7 6. Bd3 dxc4 7. Bxc4 b5 8. Be2 Bb7 9. 0-0 a6 10. e4 c5 11. e5 Nd5 12. Bg5 Qb6 13. Nxd5 Bxd5 14. a4 c4 15. axb5 axb5 16. Rxa8+ Bxa8 17. b3 c3 18. Qa1 Bxf3 19. Bxf3 b4 20. Qa8+ Qb8 21. Qc6 Be7 22. Ra1 Bxg5 23. Ra8 Qxa8 24. Qxa8+ Ke7 25. Qc6 Ra8 26. g3 Ra1+ 27. Kg2 Ra2 28. Qd6+ Kd8 29. Bc6 Ra7 30. Bxd7 Rxd7 31. Qb8+ Ke7 32. Qxb4+ Ke8 33. Qxc3 Rd5 34. Qc6+ Kd8 35. b4 Be7 36. b5 Bb4 37. b6 1-0